Estadísticas para Jugadores con más partidos en el Málaga C. F.

Haz click aquí para intentar la prueba.

Estadísticas generales

  • Esta prueba ha sido intentada 7 veces
  • La puntuación promedio es 3 de 10

Estadísticas de respuestas

PartidosNacionaliadJugador% Correcto
344PortugalDuda
100%
213PortugalEliseu
71%
285BrasileWeligton
43%
199EspañaIgnacio Camacho
29%
221EspañaFernando Sanz
14%
265EspañaJesús Gámez
14%
225EspañaVicente Valcarce
14%
173PortugalEdgar
0%
169EspañaGerardo
0%
163EspañaPedro Contreras
0%

Distribución de puntuación

Porcentaje por número respondido

Porcentaje de gente con cada puntuación

Historial de tus puntuaciones

No has intentado esta prueba.